|
|
|
|
| LEADER |
00809nas a2200193 i 4500 |
| 001 |
acta42794 |
| 005 |
20260224081030.0 |
| 008 |
170518s2009 hu o 000 hun d |
| 022 |
|
|
|a 1417-3875
|
| 040 |
|
|
|a SZTE Egyetemi Kiadványok Repozitórium
|b hun
|
| 041 |
|
|
|a hun
|
| 100 |
1 |
|
|a Infante Gennaro
|
| 245 |
1 |
2 |
|a A cantilever equation with nonlinear boundary condition
|h [elektronikus dokumentum] /
|c Infante Gennaro
|
| 260 |
|
|
|c 2009
|
| 300 |
|
|
|a 1-14
|
| 490 |
0 |
|
|a Electronic journal of qualitative theory of differential equations : special edition
|v 1 No. 15
|
| 695 |
|
|
|a Fixpont-elmélet, Nemlineáris határérték probléma - pozitív megoldások, Konzolos egyenlet
|
| 700 |
0 |
1 |
|a Pietramala Paolamaria
|e aut
|
| 856 |
4 |
0 |
|u http://acta.bibl.u-szeged.hu/42794/1/ejqtde_spec_001_2009_015_001-014.pdf
|z Dokumentum-elérés
|